Dargovská ruža zakvitla tridsiaty raz

Bibliographic Details
Main Author: Bujalková, Kamila (Author)
Format: Article
Language:Slovak
Subjects:

MARC

LEADER 00000nab a2200000 a 4500
001 vtls000911708
003 SK-MaSNL
005 20260302174249.0
008 040720e20000225xo 0 slo
035 |a KE20623 
040 |a KEVKJB  |b slo  |c KEVKJB  |e AACR2 
041 0 |a slo 
044 |a xo  |c SK 
080 |a 793.3.091  |2 1981 
080 |a 784.7.091.4  |2 1981 
100 1 |a Bujalková, Kamila  |4 aut  |9 883667 
245 1 0 |a Dargovská ruža zakvitla tridsiaty raz 
650 0 7 |a spev ľudový  |2 KEVKJB  |9 850520 
650 0 7 |a roč. 30.  |2 KEVKJB  |9 880050 
650 0 7 |a súťaže okresné  |2 KEVKJB  |9 880551 
651 7 |a Svinica (Slovensko)  |2 KEVKJB  |9 29999 
651 7 |a Košice-okolie (Slovensko : okres)  |2 KEVKJB  |9 146743 
651 7 |a KS,  |2 KEVKJB  |9 880381 
655 7 |a periodikum  |2 snkbucl  |9 29553 
773 0 8 |t Košický denník  |g Roč. 2, č.45, 25.2.2000, s. 1 
773 0 8 |i Príl.:  |t Víkend 
852 |a ZVYKNI  |b KIS3GCP 
999 |c 1403521  |d 1405451